00577nam a2200181Ia 4500003000900000008004100009020001800050040001600068080001600084100001100100245013400111260003700245300001400282490004300296650001400339650001700353650002500370IN-BaIIA211028s9999 xx 000 0 eng d a0-7923-4907-5 cIIA Library a524.83bROY aRoy, S 0aStatistical geometry and applications to microphysics and cosmologycS. Roy  aDordrechtbKluwer Academicc1998 axi, 246p. aFundamental theories of physics; v. 92 aCosmology amicrophysics astatistical geometry